Economa̕ del sector pb︢lico fr̤mulas, esquemas, resm︢enes y grf̀icas /

Bibliographic Details
Main Author: Fernǹdez de Soto Blass, Mara̕ Luisa
Format: eBook
Language:Spanish
Published: [Madrid] : Dykinson, 2012
Subjects:
Online Access:Acceso restringido

MARC

LEADER 00000nam a2200000 a 4500
005 20140128172724.0
007 cr |||||||||||
008 140108s2012 spc sb 000 0 spa|c
020 |a 9788490315026 
035 |a 11731 
040 |d vLex 
090 |c 4671  |d 4671 
100 1 |a Fernǹdez de Soto Blass, Mara̕ Luisa 
245 1 0 |a Economa̕ del sector pb︢lico  |h [Recurso electrn̤ico] :  |b fr̤mulas, esquemas, resm︢enes y grf̀icas /  |c Mara̕ Luisa Fernǹdez de Soto Blass  
256 |a Servicio en ln̕ea 
260 |a [Madrid] :  |b Dykinson,  |c 2012 
300 |a 1 recurso electrn̤ico 
504 |a Bibliografa̕ 
506 1 |a Contenido solo disponible en los productos indicados  |d vLex Global  |d vLex Global (Academic Edition, excluding Law Schools)  |d vLex Global (U.S. Academic Edition, Law Schools)  |d vLex Global (U.S. Academic Edition, excluding Law Schools)  |d vLex Global (Academic Edition, Law Schools) 
650 |a Sector pb︢lico  |z Espaą 
650 |a Espaą  |x Economa̕ 
740 0 |a vLex Libros (Servicio en ln̕ea) 
856 4 0 |z Acceso restringido  |u http://vlex.com/source/economia-del-sector-publico-formulas-esquemas-resumenes-y-graficas-11731 
942 |c BOOK 
999 0 |a Economics